Toronto Maple Leafs 1992-93 Players - Statistics

General Stats
  • This quiz has been taken 146 times
  • The average score is 11 of 33
Answer Stats
# Pos. Answer % Correct
93 F Doug Gilmour
96%
29 G Felix Potvin
87%
17 F Wendel Clark
80%
14 F Dave Andreychuk
67%
4 D Dave Ellett
61%
23 D Todd Gill
59%
34 D Jamie Macoun
48%
31 G Grant Fuhr
45%
25 F Peter Zezel
45%
9 F Glenn Anderson
43%
71 F Mike Foligno
40%
21 F Mark Osborne
37%
16 F Nikolai Borschevsky
35%
10 F Bill Berg
34%
3 D Bob Rouse
34%
2 D Sylvain Lefebvre
34%
1 G Daren Puppa
30%
15 D Dmitri Mironov
30%
12 F Rob Pearson
30%
55 D Drake Berehowsky
27%
26 F Mike Krushelnyski
27%
18 F Kent Manderville
24%
32 F Mike Eastwood
24%
22 F Ken Baumgartner
21%
19 F John Cullen
20%
8 D Bob McGill
11%
30 G Rick Wamsley
11%
7 F Dave McLlwain
7%
40 F Ken McRae
6%
28 D Darryl Shannon
4%
14 F Dave Tomlinson
4%
11 F Guy Larose
2%
24 F Joe Sacco
2%
No matching quizzes found
Score Distribution
Percent of People with Each Score
Percentile by Number Answered
Your Score History
You have not taken this quiz